000 01196nam a2200265 a 4500
001 000002962
003 DO-SdBNP
005 20250306142702.0
008 090706s2002 dr ac 001 0dspa d
040 _aDO-SdBNP
_bspa
_cBNPHU
082 _a378.107
_bU58r
110 1 _aUniversidad Autónoma de Santo Domingo
_bFacultad de Ciencias Jurídicas y políticas
_972951
245 1 0 _aRindo cuentas :
_bmemorias de una gestión /
_cprólogo Franklin García Fermín.
260 _aSanto Domingo :
_bUniversitaria,
_c2002.
300 _a94 p. :
_bil., gráfcs., retrs. ;
_c22 cm.
490 1 _aPublicaciones de la Universidad Autónoma de Santo Domingo
_v1066
590 _aInventariado, 2018/MFF
650 4 _aAdministración universitaria
_xCorrespondencia, memorias, etc.
_99409
650 4 _aEducación superior
_zRepública Dominicana
_xCorrespondencia, memorias, etc.
_99410
650 4 _aPolítica de educacion superior
_zRepública Dominicana
_xCorrespondencia, memorias, etc.
_99411
700 1 _aGarcía Fermín, Franklin,
_bpról.
_99412
830 _aPublicaciones de la Universidad Autónoma de Santo Domingo ;
_n1150
_911848
910 _aValidado. Control de calidad EMS
942 _2ddc
_cLBS1
999 _c2794
_d2794